LIBRARY & INFORMATION CENTRE, KCAET, TAVANUR

ONLINE PUBLIC ACCESS CATALOGUE (OPAC)

Good Earth / (Record no. 3136)

MARC details
000 -LEADER
fixed length control field 00402cam a2200169ua 4500
041 ## - LANGUAGE CODE
Language code of text/sound track or separate title eng
082 ## - DEWEY DECIMAL CLASSIFICATION NUMBER
Classification number 823.308
Item number BUC/GO
100 ## - MAIN ENTRY--AUTHOR NAME
Personal name Buck, Pearl S..
245 ## - TITLE STATEMENT
Title Good Earth /
260 ## - PUBLICATION, DISTRIBUTION, ETC. (IMPRINT)
Place of publication London :
Name of publisher Methuen and Co. Ltd ,
Year of publication 1962.
300 ## - PHYSICAL DESCRIPTION
Number of Pages 340 ; .
942 ## - ADDED ENTRY ELEMENTS (KOHA)
Koha item type Books
Holdings
Withdrawn status Lost status Damaged status Home library Current library Date acquired Full call number Accession Number Koha item type Cost, normal purchase price
Withdrawn     KAUAET KAUAET 07/04/2012 823.308 5503 Books  
Withdrawn     KAUAET KAUAET 16/11/2023 823.308 BUC/GO 10152 Books 4.20
Withdrawn     KAUAET Malayalam University 07/04/2012 823.308 10089 Books  
Withdrawn     KAUAET Sanskrit University 07/04/2012 823.308 4761 Books  
free website counter